| 000 | 00378pab a2200145 454500 | ||
|---|---|---|---|
| 008 | 180718b2004 xxu||||| |||| 00| 0 eng d | ||
| 100 | _aPriya, Ritu | ||
| 245 | _aPublic health services: cindrella in the social sector | ||
| 260 | _c2004 | ||
| 300 | _ap.3671-675. | ||
| 362 | _a14 Aug | ||
| 650 | _aHealth services | ||
| 773 | _aEconomic and Political Weekly | ||
| 909 | _a62135 | ||
| 999 |
_c62135 _d62135 |
||